1281 1821 1329 1718 1784 1532 1424 1621 1851 1130 1199 1787 1959 1306 1695 1142 1810 1999 1993 1120 1957 1624 1522 1830 1785 1145 1769 1411 1978 1744 1701 1648 1848 1650 1363 1617 1422 1699 1486 1317 1489 1256 1396 1985 1384 1045 1614 1595 1340 1302 1014 1022 1160 1381 1250 1918 1162 1998 1841 1932 1711 1308 1671 1787 1148 1715 1008 1600 1460 1816 1681 1450 1907 1401 1429 1972 1310 1465 1183 1993 1340 1495 1445 1518 1076 1615 1066 1600 1512 1720 1333 1081 1972 1624 1798 1487 1323 1488 1076 BCNSPRNW ULIB Ver.6.0+V

เปลี่ยนเป็นภาษาไทย

Change to English
 แสดงรายละเอียดบรรณานุกรม
  กลับหน้าหลัก

Brief Record : Get Marc (ISO 2709) : E-mail record : QR code < ปิดหน้าต่าง
LEADER : 00000nam 2200000uu 4500
001    13399108880
003     ULIB
008    110315s2546||||th 000 0 tha d
020    9747754843
060  4 W825^bพ253ต
100 0  พรทิพย์ โรจนสุนันท์,^cคุณหญิง
245 10 ใต้คมมีดหมอ /^cคุณหญิงพรทิพย์ โรจนสุนันท์
250    พิมพ์ครั้งที่ 3
260    กรุงเทพฯ :^bสุดสัปดาห์สำนักพิมพ์,^c2546
300    189, [2] หน้า :^bภาพประกอบ ;^c21 ซม.
650  7 นิติเวชวิทยา
650  7 รวมเรื่อง
945    ^p125^l0^i017743
995    ทศพร
999 ^a ใช้งานได้ทุกระบบ
รายการนี้ยังไม่มีแท็ก
คุณยังไม่ได้ล็อกอิน คุณสามารถมีกิจกรรมร่วมกับเว็บไซต์ได้ แต่ต้องล็อกอินก่อน ::
  ล็อกอิน

รายการสื่อสารสนเทศ

ลำดับที่ ประเภท เลขเรียก/บาร์โค้ด สถานที่ สถานะ
- ไม่พบข้อมูล -

รายการใกล้เคียง
    หัวเรื่อง [นิติเวชวิทยา]
    หัวเรื่อง [รวมเรื่อง]

BibComment


ยังไม่เคยถูกคอมเมนท์

คอมเมนท์ทรัพยากรรายการนี้
  คอมเมนท์: ใต้คมมีดหมอ คุณห..


 Copyright 2026. Bcnsprnw @Library